[Event "18th CRO-chT"]
[Site "Sibenik CRO"]
[Date "2009.09.21"]
[Round "1.11"]
[White "Navara, David"]
[Black "Eljanov, Pavel"]
[Result "1/2-1/2"]
[WhiteElo "2692"]
[BlackElo "2717"]
[PlyCount "117"]
[EventDate "2009.09.21"]
[EventType "team"]
[EventRounds "9"]
[EventCountry "CRO"]

1. e4 e5 2. Nf3 Nc6 3. Bb5 Nf6 4. O-O Nxe4 5. d4 Nd6 6. Bxc6 dxc6 7. dxe5 Nf5
8. Qxd8+ Kxd8 9. Nc3 Bd7 10. h3 h6 11. b3 Kc8 12. Bb2 Ne7 13. Rad1 c5 14. Rd2
b6 15. Ne2 Ng6 16. h4 Bg4 17. Nh2 Bxe2 18. Rxe2 Nxh4 19. Re4 Be7 20. g3 Nf5 21.
Rf4 g6 22. g4 Nd4 23. Rxf7 Kd7 24. f4 Rag8 25. Bxd4 cxd4 26. Nf3 Ke6 27. Rxe7+
Kxe7 28. Nxd4 h5 29. g5 Rf8 30. Kg2 a6 31. Nc6+ Kd7 32. Nb4 Ke6 33. Nxa6 Rh7
34. Nb4 c5 35. Nd3 Kf5 36. Kf3 Rd7 37. Re1 Ke6 38. a4 Rc8 39. Re3 Rd4 40. c3
Rd7 41. f5+ Kxf5 42. e6 Rxd3 43. Rxd3 Kxe6 44. Ke2 Kf5 45. Rd5+ Kg4 46. Rd6
Kxg5 47. Rxb6 h4 48. Kf2 Rf8+ 49. Kg2 Rd8 50. a5 Rd2+ 51. Kg1 Rd1+ 52. Kh2 Rd2+
53. Kg1 h3 54. a6 Kh4 55. Rxg6 h2+ 56. Kh1 Kh3 57. Rh6+ Kg3 58. Rg6+ Kh3 59.
Rh6+ 1/2-1/2

[Event "18th CRO-chT"]
[Site "Sibenik CRO"]
[Date "2009.09.21"]
[Round "1.13"]
[White "Jovanovic, Zoran"]
[Black "Kozul, Zdenko"]
[Result "1/2-1/2"]
[WhiteElo "2535"]
[BlackElo "2588"]
[PlyCount "96"]
[EventDate "2009.09.21"]
[EventType "team"]
[EventRounds "9"]
[EventCountry "CRO"]

1. e4 c5 2. Nf3 d6 3. d4 cxd4 4. Qxd4 a6 5. Be2 Nf6 6. O-O Nc6 7. Qe3 g6 8. h3
Bg7 9. Rd1 O-O 10. c4 Nd7 11. Nc3 Nc5 12. Rb1 a5 13. b3 Bxc3 14. Qxc3 Nxe4 15.
Qe3 Nc5 16. Bb2 f6 17. Nd4 Nxd4 18. Bxd4 Qc7 19. Bf3 Bf5 20. Rb2 Rad8 21. Rbd2
b6 22. h4 e5 23. Bd5+ Kg7 24. Bb2 h5 25. f3 Rh8 26. Kf2 Bd7 27. Ba3 Bc8 28. Kg1
Bf5 29. Kf2 Qe7 30. Bb2 Rc8 31. Kg1 Rc7 32. Kh2 Bd7 33. Kg1 Bc6 34. Ba3 Bxd5
35. Rxd5 Rc6 36. Qd2 Rd8 37. Bxc5 bxc5 38. Qxa5 Rb8 39. Qd2 Rbb6 40. f4 Ra6 41.
fxe5 fxe5 42. Qg5 Qxg5 43. hxg5 Rxa2 44. Rxd6 Rxd6 45. Rxd6 Rb2 46. Re6 Rxb3
47. Rxe5 Rg3 48. Rxc5 Rg4 1/2-1/2

[Event "18th CRO-chT"]
[Site "Sibenik CRO"]
[Date "2009.09.21"]
[Round "1.16"]
[White "Bukal, Vladimir Jr"]
[Black "Sulava, Nenad"]
[Result "1/2-1/2"]
[WhiteElo "2394"]
[BlackElo "2540"]
[PlyCount "52"]
[EventDate "2009.09.21"]
[EventType "team"]
[EventRounds "9"]
[EventCountry "CRO"]

1. d4 d5 2. c4 e6 3. Nf3 Nf6 4. Nc3 Bb4 5. g3 c6 6. Bg2 dxc4 7. O-O Nbd7 8. a3
Bxc3 9. bxc3 O-O 10. Qc2 Re8 11. Bf4 b5 12. e4 Bb7 13. e5 Nd5 14. Ng5 Nf8 15.
Bd2 c5 16. dxc5 Qc7 17. Ne4 Ne7 18. Be3 Bd5 19. Nd6 Reb8 20. f4 Nd7 21. Qf2
Bxg2 22. Kxg2 a5 23. Bd4 g6 24. g4 Qc6+ 25. Kg1 Rf8 26. Rae1 Nd5 1/2-1/2

[Event "18th CRO-chT"]
[Site "Sibenik CRO"]
[Date "2009.09.21"]
[Round "1.23"]
[White "Lalic, Bogdan"]
[Black "Saric, Ivan"]
[Result "1/2-1/2"]
[WhiteElo "2495"]
[BlackElo "2573"]
[PlyCount "156"]
[EventDate "2009.09.21"]
[EventType "team"]
[EventRounds "9"]
[EventCountry "CRO"]

1. Nf3 c5 2. c4 Nc6 3. d4 cxd4 4. Nxd4 Qb6 5. Nb3 e6 6. Nc3 Nf6 7. e3 Be7 8.
Be2 O-O 9. O-O Qc7 10. Nd4 a6 11. b3 Nxd4 12. Qxd4 b6 13. Bb2 Bb7 14. Rac1 Bc6
15. Qh4 Qb7 16. Qh3 b5 17. Rfd1 h6 18. Qg3 Qb8 19. Qxb8 Rfxb8 20. Bd3 Kf8 21.
Ne2 bxc4 22. Bxc4 d5 23. Bd3 Be8 24. Nd4 Rb6 25. Rc2 a5 26. a4 Rab8 27. Nb5 Ne4
28. Rdc1 Nd6 29. Bd4 R6b7 30. Be5 Rd8 31. Rc7 Rxc7 32. Rxc7 f6 33. Bxd6 Bxd6
34. Ra7 Bb4 35. Nd4 Bf7 36. g3 Rc8 37. Bb5 e5 38. Nc6 d4 39. exd4 Bd5 40. Nxb4
Rc1+ 41. Bf1 axb4 42. f3 Bxb3 43. Kf2 exd4 44. Rb7 Rc2+ 45. Ke1 Bxa4 46. Rxb4
Bc6 47. Rxd4 Rxh2 48. f4 Kf7 49. Rd2 Rh1 50. Kf2 Ke6 51. Bd3 h5 52. Re2+ Kd6
53. Rd2 Bd5 54. Bg6 Kc5 55. Rc2+ Kb4 56. Rb2+ Kc3 57. Rc2+ Kd4 58. Rd2+ Kc5 59.
Rc2+ Kd6 60. Rd2 Rh2+ 61. Ke1 Rxd2 62. Kxd2 Bf3 63. Ke3 Bd1 64. Kd2 Bg4 65. Ke3
Ke7 66. Ke4 Ke6 67. Ke3 Kd5 68. Kd3 Kd6 69. Kd4 Bd1 70. Ke3 Ke6 71. Kd4 Bg4 72.
Ke4 f5+ 73. Kd4 Kf6 74. Be8 g5 75. fxg5+ Kxg5 76. Ke3 Bd1 77. Kf2 Kg4 78. Bc6
h4 1/2-1/2

[Event "18th CRO-chT"]
[Site "Sibenik CRO"]
[Date "2009.09.21"]
[Round "1.25"]
[White "Muse, Mladen"]
[Black "Saric, Ante"]
[Result "1/2-1/2"]
[WhiteElo "2448"]
[BlackElo "2487"]
[PlyCount "58"]
[EventDate "2009.09.21"]
[EventType "team"]
[EventRounds "9"]
[EventCountry "CRO"]

1. Nf3 Nf6 2. g3 g6 3. b3 Bg7 4. Bb2 d6 5. d4 c5 6. Bg2 cxd4 7. Nxd4 d5 8. O-O
O-O 9. c4 dxc4 10. bxc4 Ng4 11. e3 Ne5 12. Qc2 a6 13. Nd2 Qc7 14. h3 Bd7 15. f4
Nec6 16. Nxc6 Bxc6 17. Bxg7 Kxg7 18. Ne4 Nd7 19. Rab1 Rac8 20. Rfc1 Rfd8 21. c5
Qa5 22. Qc3+ Qxc3 23. Rxc3 Rc7 24. Rbc1 Nf8 25. g4 Rcd7 26. Nf2 Bxg2 27. Kxg2
Rd2 28. R1c2 Ne6 29. c6 bxc6 1/2-1/2

[Event "18th CRO-chT"]
[Site "Sibenik CRO"]
[Date "2009.09.21"]
[Round "1.26"]
[White "Doric, Darko"]
[Black "Cvorovic, Drazen"]
[Result "1/2-1/2"]
[WhiteElo "2456"]
[BlackElo "2453"]
[PlyCount "197"]
[EventDate "2009.09.21"]
[EventType "team"]
[EventRounds "9"]
[EventCountry "CRO"]

1. d4 Nf6 2. c4 g6 3. Nc3 Bg7 4. e4 O-O 5. Nf3 d6 6. Be2 Bg4 7. Be3 Nfd7 8. Rc1
c5 9. d5 Na6 10. O-O Nc7 11. h3 Bxf3 12. Bxf3 Rb8 13. Be2 a6 14. a4 Re8 15. Qd2
e6 16. Rce1 exd5 17. exd5 f5 18. Kh1 Ne5 19. g3 Qd7 20. f4 Nf7 21. b3 Re7 22.
Bd3 Rbe8 23. Bf2 Kf8 24. Kg2 Rxe1 25. Rxe1 Qd8 26. Rxe8+ Nxe8 27. Be1 Qf6 28.
Qe3 Bh8 29. Bd2 Bg7 30. g4 fxg4 31. hxg4 Qh4 32. Qh3 Qxh3+ 33. Kxh3 Bd4 34. a5
Kg7 35. Kg3 h6 36. Ne4 Nf6 37. g5 Nd7 38. Bf1 Kf8 39. Bh3 Ke7 40. Be6 hxg5 41.
Nxg5 Nxg5 42. fxg5 Be5+ 43. Kf3 Kd8 44. Ke4 Bh2 45. Bf7 Ne5 46. Bg8 Ke7 47. Be6
Nd7 48. Bc3 Bg3 49. Bd2 Be5 50. Kd3 Ke8 51. Bh3 Kd8 52. Bg2 Ke7 53. Be4 Kf7 54.
Kc2 Nf8 55. Kd1 Bb2 56. b4 Bd4 57. b5 Nd7 58. Kc2 Be5 59. Bg2 Ke7 60. Kb3 Ke8
61. Be4 Nf8 62. Ka2 Kd7 63. Bc2 Kd8 64. Ka3 Kd7 65. Ba4 Kc7 66. Kb3 Kc8 67. Kc2
Kc7 68. Kd3 Nd7 69. Ke2 Kc8 70. Bc2 Nf8 71. Kf3 Kc7 72. Kg4 Kd7 73. Kh4 Kd8 74.
Kh3 Kd7 75. Kg4 Kd8 76. Bf4 Bxf4 77. Kxf4 axb5 78. cxb5 b6 79. a6 Kc7 80. Ke3
Kb8 81. Bb1 Ka7 82. Bd3 Ka8 83. Bc2 Kb8 84. Bb1 Kc8 85. Bc2 Kc7 86. Bb1 Kb8 87.
Bc2 Ka7 88. Bb1 Ka8 89. Bc2 Kb8 90. Bb1 Ka7 91. Bc2 Ka8 92. Bb1 Kb8 93. Bc2 Kc7
94. Bb1 Kc8 95. Bc2 Kb8 96. Bb1 Ka8 97. Bc2 Ka7 98. Bb1 Kb8 99. Bc2 1/2-1/2

[Event "18th CRO-chT"]
[Site "Sibenik CRO"]
[Date "2009.09.21"]
[Round "1.31"]
[White "Grachev, Boris"]
[Black "Zufic, Miroslav"]
[Result "1-0"]
[WhiteElo "2684"]
[BlackElo "2461"]
[PlyCount "49"]
[EventDate "2009.09.21"]
[EventType "team"]
[EventRounds "9"]
[EventCountry "CRO"]

1. d4 Nf6 2. c4 g6 3. Nc3 Bg7 4. e4 d6 5. Nf3 O-O 6. Be2 Bg4 7. Be3 Nfd7 8. d5
c6 9. O-O Na6 10. Rc1 Qa5 11. Bd2 Qb6 12. b4 Bxf3 13. Bxf3 Qd4 14. a3 Ne5 15.
Be2 cxd5 16. cxd5 Rfc8 17. Bg5 Qxd1 18. Rfxd1 Kf8 19. Nb5 f5 20. exf5 gxf5 21.
Nd4 Kf7 22. Nxf5 Bf6 23. Be3 Nc7 24. Bh5+ Kg8 25. f4 1-0

[Event "18th CRO-chT"]
[Site "Sibenik CRO"]
[Date "2009.09.21"]
[Round "1.32"]
[White "Abasov, Nijat Azad Oglu"]
[Black "Predojevic, Borki"]
[Result "0-1"]
[WhiteElo "2525"]
[BlackElo "2654"]
[PlyCount "120"]
[EventDate "2009.09.21"]
[EventType "team"]
[EventRounds "9"]
[EventCountry "CRO"]

1. e4 d6 2. d4 Nf6 3. Nc3 e5 4. dxe5 dxe5 5. Qxd8+ Kxd8 6. Bg5 Nbd7 7. O-O-O
Bd6 8. Bc4 Ke8 9. Nf3 a6 10. Rhe1 h6 11. Bh4 b5 12. Bb3 Rb8 13. Nd5 Nxd5 14.
Bxd5 f6 15. Bg3 Nb6 16. Bc6+ Kf7 17. Nd2 Be6 18. Kb1 Nc8 19. Bd5 Bxd5 20. exd5
Ne7 21. f3 b4 22. Ne4 Rb5 23. c4 bxc3 24. Nxc3 Rb4 25. b3 Bc5 26. Ne4 Bd4 27.
d6 cxd6 28. Nxd6+ Ke6 29. Nc4 Nf5 30. f4 Rc8 31. Rc1 Rb5 32. Rc2 Nxg3 33. hxg3
Rcc5 34. Ree2 a5 35. Kc1 a4 36. bxa4 Rb4 37. Nd2 Rxc2+ 38. Kxc2 Rb2+ 39. Kd3
Rxa2 40. Nf3 Rxa4 41. fxe5 Bxe5 42. Re4 Rxe4 43. Kxe4 f5+ 44. Ke3 Bxg3 45. Nd4+
Kf6 46. Kf3 Be5 47. Nc2 h5 48. Ne3 g5 49. Nc4 Bc7 50. Kf2 g4 51. Kg1 f4 52. Nb2
Kf5 53. Nd3 Bb6+ 54. Kf1 Ke4 55. Nb2 h4 56. Nc4 Bc5 57. Nd2+ Kd3 58. Nb3 Bb6
59. Nc1+ Kc2 60. Ne2 Be3 0-1

[Event "18th CRO-chT"]
[Site "Sibenik CRO"]
[Date "2009.09.21"]
[Round "1.34"]
[White "Fercec, Nenad"]
[Black "Cebalo, Miso"]
[Result "1-0"]
[WhiteElo "2463"]
[BlackElo "2500"]
[PlyCount "85"]
[EventDate "2009.09.21"]
[EventType "team"]
[EventRounds "9"]
[EventCountry "CRO"]

1. e4 c5 2. Nf3 d6 3. d4 cxd4 4. Nxd4 Nf6 5. Nc3 e6 6. Be3 Be7 7. f3 Nc6 8. Qd2
O-O 9. g4 a6 10. O-O-O Nxd4 11. Bxd4 b5 12. g5 Nd7 13. h4 Qa5 14. Kb1 b4 15.
Ne2 Ne5 16. f4 Nc4 17. Qd3 e5 18. f5 Na3+ 19. bxa3 exd4 20. a4 Bb7 21. Qxd4
Rfe8 22. Nf4 Bf8 23. Nd5 Bxd5 24. Qxd5 Qxd5 25. Rxd5 Rxe4 26. Bd3 Rg4 27. a5 h6
28. f6 Rf4 29. gxh6 gxf6 30. Rf1 Rxh4 31. Kb2 Rg4 32. Kb3 Rc8 33. Bxa6 Rc3+ 34.
Kb2 Ra3 35. Bd3 Rg5 36. Rff5 Rxf5 37. Rxf5 d5 38. Rxd5 Rc3 39. a6 Ra3 40. Rd7
Bc5 41. Rd8+ Bf8 42. Ra8 f5 43. a7 1-0

[Event "18th CRO-chT"]
[Site "Sibenik CRO"]
[Date "2009.09.21"]
[Round "1.36"]
[White "Franic, Milan"]
[Black "Golubovic, Boris"]
[Result "1/2-1/2"]
[WhiteElo "2404"]
[BlackElo "2381"]
[PlyCount "67"]
[EventDate "2009.09.21"]
[EventType "team"]
[EventRounds "9"]
[EventCountry "CRO"]

1. d4 d5 2. c4 c6 3. e3 Nf6 4. Bd3 a6 5. Nf3 g6 6. O-O Bg7 7. Nc3 Bf5 8. Bxf5
gxf5 9. Qb3 Ra7 10. Bd2 O-O 11. Rac1 dxc4 12. Qxc4 Nbd7 13. Ne2 Ne4 14. Rfd1
Nb6 15. Qb3 Nd5 16. Be1 Qd6 17. Nh4 Qe6 18. Ng3 Nxg3 19. hxg3 Bf6 20. Nf3 Kh8
21. Nd2 Rd8 22. Nf1 Rd7 23. f3 Ra8 24. Bf2 Bg5 25. Re1 Qg6 26. Rc5 Bh6 27. a3
Rg8 28. Qc2 e6 29. e4 fxe4 30. fxe4 Nf6 31. Nh2 Nh5 32. Nf1 Nf6 33. Nh2 Nh5 34.
Nf1 1/2-1/2

[Event "18th CRO-chT"]
[Site "Sibenik CRO"]
[Date "2009.09.21"]
[Round "1.44"]
[White "Klaric, Zlatko"]
[Black "Rogic, Davor"]
[Result "0-1"]
[WhiteElo "2405"]
[BlackElo "2542"]
[PlyCount "60"]
[EventDate "2009.09.21"]
[EventType "team"]
[EventRounds "9"]
[EventCountry "CRO"]

1. d4 d5 2. Bg5 h6 3. Bh4 c6 4. e3 Qb6 5. Bd3 e5 6. Qc1 Be6 7. c3 Nd7 8. f4 e4
9. Be2 g5 10. Bg3 Ne7 11. Nd2 Nf5 12. Nf1 Rg8 13. Nh3 c5 14. fxg5 hxg5 15. Bf2
Bd6 16. dxc5 Qxc5 17. Ng3 Nh4 18. O-O Ne5 19. c4 Bxh3 20. gxh3 Qc8 21. Bg4 Nxg4
22. hxg4 Qxg4 23. Be1 Nf3+ 24. Rxf3 exf3 25. cxd5 Rc8 26. Qd1 Rh8 27. Qd3 Rxh2
28. Kxh2 Qh4+ 29. Kg1 Bxg3 30. Qb5+ Rc6 0-1

[Event "18th CRO-chT"]
[Site "Sibenik CRO"]
[Date "2009.09.21"]
[Round "1.45"]
[White "Kovacevic, Blazimir"]
[Black "Muse, Drazen"]
[Result "1-0"]
[WhiteElo "2425"]
[BlackElo "2367"]
[PlyCount "67"]
[EventDate "2009.09.21"]
[EventType "team"]
[EventRounds "9"]
[EventCountry "CRO"]

1. c4 e6 2. g3 d5 3. Bg2 c5 4. Nf3 Nc6 5. cxd5 exd5 6. O-O Nf6 7. d4 Be7 8. Nc3
O-O 9. dxc5 Bxc5 10. Na4 Be7 11. Be3 Re8 12. Rc1 Ne4 13. Nd4 Bd7 14. Nc3 Nxc3
15. Rxc3 Nxd4 16. Bxd4 Bc6 17. e3 Bf8 18. Qg4 Qa5 19. a3 Rad8 20. Rfc1 Bd7 21.
Qd1 Bb5 22. b4 Qa6 23. Bf1 Bxf1 24. Qxf1 Qa4 25. Qd1 Qa6 26. Qd3 Qa4 27. Rc7
Re7 28. Rxe7 Bxe7 29. Rc7 Rd7 30. Qc3 f6 31. Rxb7 Rxb7 32. Qc8+ Kf7 33. Qxb7
Qxa3 34. Qxd5+ 1-0

[Event "18th CRO-chT"]
[Site "Sibenik CRO"]
[Date "2009.09.21"]
[Round "1.46"]
[White "Kutuzovic, Branko"]
[Black "Zivkovic, Vjekoslav"]
[Result "1/2-1/2"]
[WhiteElo "2321"]
[BlackElo "2413"]
[PlyCount "57"]
[EventDate "2009.09.21"]
[EventType "team"]
[EventRounds "9"]
[EventCountry "CRO"]

1. e4 c5 2. Nf3 d6 3. d4 cxd4 4. Nxd4 Nf6 5. Nc3 a6 6. Bg5 e6 7. f4 Nc6 8. Nxc6
bxc6 9. e5 h6 10. Bh4 g5 11. fxg5 Nd5 12. Nxd5 exd5 13. Qe2 hxg5 14. Bg3 Qa5+
15. Qd2 Qxd2+ 16. Kxd2 Be6 17. Bd3 Kd7 18. Rae1 dxe5 19. Bxe5 Rh6 20. Rhf1 Bd6
21. Bxd6 Kxd6 22. h3 a5 23. b3 g4 24. hxg4 Rh2 25. Rf2 Rg8 26. Be2 Bxg4 27.
Bxg4 Rxg4 28. Ree2 Kc5 29. Rxf7 1/2-1/2

[Event "18th CRO-chT"]
[Site "Sibenik CRO"]
[Date "2009.09.21"]
[Round "1.52"]
[White "Gyimesi, Zoltan"]
[Black "Palac, Mladen"]
[Result "1/2-1/2"]
[WhiteElo "2594"]
[BlackElo "2576"]
[PlyCount "30"]
[EventDate "2009.09.21"]
[EventType "team"]
[EventRounds "9"]
[EventCountry "CRO"]

1. d4 Nf6 2. c4 e6 3. Nf3 d5 4. Nc3 Bb4 5. Bg5 Nbd7 6. cxd5 exd5 7. Rc1 c6 8.
a3 Bd6 9. e3 O-O 10. Bd3 Re8 11. Bh4 Nf8 12. Bg3 Bg4 13. Bxd6 Qxd6 14. h3 Bh5
15. Be2 N8d7 1/2-1/2

[Event "18th CRO-chT"]
[Site "Sibenik CRO"]
[Date "2009.09.21"]
[Round "1.53"]
[White "Postny, Evgeny"]
[Black "Sale, Srdjan"]
[Result "1-0"]
[WhiteElo "2651"]
[BlackElo "2402"]
[PlyCount "81"]
[EventDate "2009.09.21"]
[EventType "team"]
[EventRounds "9"]
[EventCountry "CRO"]

1. d4 Nf6 2. c4 e6 3. Nf3 c5 4. d5 d6 5. Nc3 exd5 6. cxd5 g6 7. Nd2 Nbd7 8. e4
Bg7 9. Nc4 Nb6 10. Ne3 O-O 11. Bd3 Nh5 12. O-O Nf4 13. Bc2 Bd7 14. a4 a5 15.
Kh1 Be5 16. Bd2 Re8 17. Ra2 Qh4 18. g3 Qh3 19. Rg1 Nh5 20. Bd3 Nf6 21. f3 Bd4
22. Bf1 Qh5 23. Ra3 c4 24. Nxc4 Nxc4 25. Bxc4 Bxg1 26. Kxg1 Rac8 27. Bf1 g5 28.
g4 Nxg4 29. fxg4 Bxg4 30. Qe1 f5 31. Qf2 f4 32. Nb5 Rc2 33. Nxd6 Rd8 34. e5
Rxb2 35. Ne4 Kg7 36. e6 Rb1 37. Qd4+ Kh6 38. Qf6+ Qg6 39. e7 Re8 40. d6 Be2 41.
Rh3+ 1-0

[Event "18th CRO-chT"]
[Site "Sibenik CRO"]
[Date "2009.09.21"]
[Round "1.54"]
[White "Ljubicic, Filip"]
[Black "Dizdar, Goran"]
[Result "1/2-1/2"]
[WhiteElo "2374"]
[BlackElo "2563"]
[PlyCount "28"]
[EventDate "2009.09.21"]
[EventType "team"]
[EventRounds "9"]
[EventCountry "CRO"]

1. e4 e6 2. d4 d5 3. Nd2 c5 4. Ngf3 Nf6 5. e5 Nfd7 6. c3 Nc6 7. Bd3 Be7 8. O-O
a5 9. b3 a4 10. bxa4 c4 11. Bc2 Qa5 12. Nb1 Nb6 13. Ng5 Nxa4 14. Qf3 Bxg5
1/2-1/2

[Event "18th CRO-chT"]
[Site "Sibenik CRO"]
[Date "2009.09.21"]
[Round "1.56"]
[White "Zelic, Mladen"]
[Black "Zaja, Ivan"]
[Result "0-1"]
[WhiteElo "2305"]
[BlackElo "2449"]
[PlyCount "56"]
[EventDate "2009.09.21"]
[EventType "team"]
[EventRounds "9"]
[EventCountry "CRO"]

1. e4 e6 2. d4 d5 3. Nc3 Bb4 4. Nge2 Nc6 5. a3 Ba5 6. g3 dxe4 7. Bg2 f5 8. O-O
Nf6 9. Be3 O-O 10. f3 exf3 11. Bxf3 e5 12. Bxc6 bxc6 13. dxe5 Ng4 14. Bc5 Bb6
15. b4 Bxc5+ 16. bxc5 Qe7 17. Rf4 Rd8 18. Rd4 Ba6 19. Qd2 Rxd4 20. Nxd4 Rd8 21.
Rd1 Qxe5 22. Qf4 Qxc5 23. Qxf5 Qxc3 24. Qxg4 Qe3+ 25. Kg2 Be2 26. Nf5 Bf3+ 27.
Qxf3 Qxf3+ 28. Kxf3 Rxd1 0-1

[Event "18th CRO-chT"]
[Site "Sibenik CRO"]
[Date "2009.09.22"]
[Round "2.14"]
[White "Ljubicic, Filip"]
[Black "Jankovic, Alojzije"]
[Result "1/2-1/2"]
[WhiteElo "2374"]
[BlackElo "2548"]
[PlyCount "112"]
[EventDate "2009.09.21"]
[EventType "team"]
[EventRounds "9"]
[EventCountry "CRO"]

1. e4 c5 2. Nf3 Nc6 3. d4 cxd4 4. Nxd4 Nf6 5. Nc3 d6 6. Be2 e5 7. Nb3 Be7 8.
O-O O-O 9. Be3 a5 10. a4 Nb4 11. f4 Be6 12. Bf3 exf4 13. Bxf4 Nxc2 14. Qxc2
Qb6+ 15. Qf2 Qxb3 16. Rfd1 Rfd8 17. Be3 d5 18. exd5 Nxd5 19. Bxd5 Bxd5 20. Bb6
Rd7 21. Rd3 Bc6 22. Rh3 Bf6 23. Re1 Qxb6 24. Qxb6 Bd4+ 25. Qxd4 Rxd4 26. Re2
Re8 27. Rxe8+ Bxe8 28. Rh5 b6 29. Rd5 Rb4 30. Rd8 Kf8 31. Nd5 Rxb2 32. Nc7 Ke7
33. Rxe8+ Kd7 34. Rf8 Kxc7 35. Rxf7+ Kc6 36. Rxg7 Rb4 37. Rxh7 Rxa4 38. Rh6+
Kc5 39. Rh5+ Kc6 40. Rh6+ Kb7 41. Rh7+ Ka6 42. h4 Rc4 43. h5 a4 44. Rh8 Kb5 45.
h6 Rh4 46. h7 a3 47. Ra8 Rxh7 48. Rxa3 Kc4 49. Kf2 b5 50. g4 b4 51. Ra1 Rh3 52.
g5 b3 53. g6 Rh8 54. g7 Rb8 55. Ra7 b2 56. Rb7 Rg8 1/2-1/2

[Event "18th CRO-chT"]
[Site "Sibenik CRO"]
[Date "2009.09.22"]
[Round "2.22"]
[White "Palac, Mladen"]
[Black "Khenkin, Igor"]
[Result "1/2-1/2"]
[WhiteElo "2576"]
[BlackElo "2613"]
[PlyCount "27"]
[EventDate "2009.09.21"]
[EventType "team"]
[EventRounds "9"]
[EventCountry "CRO"]

1. e4 c6 2. d4 d5 3. Nc3 dxe4 4. Nxe4 Bf5 5. Ng3 Bg6 6. h4 h6 7. Nf3 Nd7 8. h5
Bh7 9. Bd3 Bxd3 10. Qxd3 e6 11. Bf4 Qa5+ 12. Bd2 Bb4 13. c3 Be7 14. Ne4 1/2-1/2

[Event "18th CRO-chT"]
[Site "Sibenik CRO"]
[Date "2009.09.22"]
[Round "2.23"]
[White "Feletar, Darko"]
[Black "Postny, Evgeny"]
[Result "0-1"]
[WhiteElo "2377"]
[BlackElo "2651"]
[PlyCount "100"]
[EventDate "2009.09.21"]
[EventType "team"]
[EventRounds "9"]
[EventCountry "CRO"]

1. c4 Nf6 2. Nc3 e6 3. e4 c5 4. Nf3 Nc6 5. Be2 a6 6. O-O Qc7 7. a3 b6 8. d4
cxd4 9. Nxd4 Nxd4 10. Qxd4 Bd6 11. h3 Bb7 12. Qd3 Bh2+ 13. Kh1 Be5 14. Be3 Qc6
15. Rad1 d6 16. Bd4 Bxd4 17. Qxd4 Rd8 18. Bf3 Qc7 19. Na4 Bc6 20. Qxb6 Qxb6 21.
Nxb6 Bxe4 22. Bxe4 Nxe4 23. Kg1 Rb8 24. Rfe1 Rxb6 25. Rxe4 Ke7 26. Red4 Rc8 27.
b4 e5 28. c5 dxc5 29. Rc4 Rbc6 30. bxc5 Rxc5 31. Rxc5 Rxc5 32. Rd3 Ke6 33. f3
h5 34. h4 Rc4 35. g3 f6 36. Kf2 Rc2+ 37. Kf1 Ra2 38. Kg1 Kf5 39. Re3 a5 40. Kf1
a4 41. Rc3 Rb2 42. Rc4 Rb3 43. Rxa4 Rxf3+ 44. Kg2 e4 45. Ra7 g6 46. Ra4 Rc3 47.
Kf2 Rc2+ 48. Ke3 Rg2 49. Ra5+ Kg4 50. Kxe4 Rxg3 0-1

[Event "18th CRO-chT"]
[Site "Sibenik CRO"]
[Date "2009.09.22"]
[Round "2.25"]
[White "Muse, Drazen"]
[Black "Zelcic, Robert"]
[Result "1-0"]
[WhiteElo "2367"]
[BlackElo "2550"]
[PlyCount "107"]
[EventDate "2009.09.21"]
[EventType "team"]
[EventRounds "9"]
[EventCountry "CRO"]

1. d4 Nf6 2. Nf3 d5 3. Bf4 c5 4. e3 Nc6 5. c3 Qb6 6. Qb3 c4 7. Qc2 Bf5 8. Qc1
e6 9. Be2 h6 10. h3 Qd8 11. Bd1 Bd6 12. Bxd6 Qxd6 13. Bc2 O-O 14. O-O b5 15.
Nbd2 Rab8 16. Qb1 Bxc2 17. Qxc2 Nh5 18. b3 f5 19. a4 cxb3 20. Nxb3 bxa4 21.
Rxa4 f4 22. Re1 fxe3 23. Rxe3 Nf4 24. Nc5 a5 25. Ra1 Rb5 26. Rae1 Rxc5 27. dxc5
Qxc5 28. Qd2 Qe7 29. Kh2 Rf6 30. Nd4 Nxd4 31. cxd4 a4 32. Rf3 Qf7 33. Qe3 Kh7
34. g3 Ng6 35. Kg2 Rxf3 36. Qxf3 Qe8 37. h4 Kg8 38. h5 Nf8 39. Qxd5 a3 40. Qe4
Qb5 41. Qa8 Qc4 42. Qxa3 Qxd4 43. Qa8 Qc5 44. Re3 Qd6 45. Rf3 Qe7 46. g4 Qb4
47. Kh3 Qe7 48. Rf4 Qd6 49. Rf3 Qe7 50. Qc8 e5 51. Kg2 Qb4 52. Kg3 Qd6 53. Qe8
e4+ 54. Rf4 1-0

[Event "18th CRO-chT"]
[Site "Sibenik CRO"]
[Date "2009.09.22"]
[Round "2.26"]
[White "Zaja, Ivan"]
[Black "Kutuzovic, Branko"]
[Result "1/2-1/2"]
[WhiteElo "2449"]
[BlackElo "2321"]
[PlyCount "85"]
[EventDate "2009.09.21"]
[EventType "team"]
[EventRounds "9"]
[EventCountry "CRO"]

1. d4 Nf6 2. c4 e6 3. Nf3 b6 4. g3 Bb7 5. Bg2 Bb4+ 6. Bd2 a5 7. O-O O-O 8. Bf4
Be7 9. Nc3 Ne4 10. Nxe4 Bxe4 11. d5 Bf6 12. Qd2 exd5 13. cxd5 d6 14. Rac1 Re8
15. Rfe1 Na6 16. Nd4 Bxd4 17. Qxd4 Bxg2 18. Kxg2 Nc5 19. e4 Qd7 20. Bd2 Re7 21.
Bc3 f6 22. Re3 Rae8 23. Rce1 Qg4 24. f3 Qd7 25. b3 h6 26. h4 Re5 27. Qd2 R5e7
28. h5 Rf8 29. g4 Rfe8 30. Kg3 Qb5 31. Qd4 Qd7 32. f4 c6 33. Kf3 Kh7 34. dxc6
Qxc6 35. Qd5 Qb5 36. Qf5+ Kh8 37. R1e2 Rxe4 38. Rxe4 Qd3+ 39. R4e3 Rxe3+ 40.
Rxe3 Qf1+ 41. Kg3 Qg1+ 42. Kf3 Qf1+ 43. Kg3 1/2-1/2

[Event "18th CRO-chT"]
[Site "Sibenik CRO"]
[Date "2009.09.22"]
[Round "2.33"]
[White "Tratar, Marko"]
[Black "Brkic, Ante"]
[Result "1/2-1/2"]
[WhiteElo "2478"]
[BlackElo "2544"]
[PlyCount "27"]
[EventDate "2009.09.21"]
[EventType "team"]
[EventRounds "9"]
[EventCountry "CRO"]

1. Nf3 Nf6 2. c4 g6 3. Nc3 d5 4. cxd5 Nxd5 5. Qa4+ Bd7 6. Qh4 Bc6 7. Qd4 Rg8 8.
Ne5 e6 9. Nxd5 Qxd5 10. Nxc6 Qxc6 11. e3 Nd7 12. Qc4 Qxc4 13. Bxc4 O-O-O 14. d4
1/2-1/2

[Event "18th CRO-chT"]
[Site "Sibenik CRO"]
[Date "2009.09.22"]
[Round "2.34"]
[White "Rogic, Davor"]
[Black "Fercec, Nenad"]
[Result "1/2-1/2"]
[WhiteElo "2542"]
[BlackElo "2463"]
[PlyCount "39"]
[EventDate "2009.09.21"]
[EventType "team"]
[EventRounds "9"]
[EventCountry "CRO"]

1. e4 c5 2. Nf3 d6 3. d4 cxd4 4. Nxd4 Nf6 5. Nc3 a6 6. h3 g6 7. Be3 Bg7 8. Qd2
b5 9. f3 Bb7 10. O-O-O Nbd7 11. h4 h5 12. Bd3 Rc8 13. Rhe1 Ne5 14. Kb1 Qc7 15.
Bg5 O-O 16. Bh6 Bh8 17. Bxf8 Kxf8 18. f4 Nc4 19. Bxc4 Qxc4 20. Qd3 1/2-1/2

[Event "18th CRO-chT"]
[Site "Sibenik CRO"]
[Date "2009.09.22"]
[Round "2.35"]
[White "Glavas, Dragan"]
[Black "Kovacevic, Blazimir"]
[Result "0-1"]
[WhiteElo "2359"]
[BlackElo "2425"]
[PlyCount "168"]
[EventDate "2009.09.21"]
[EventType "team"]
[EventRounds "9"]
[EventCountry "CRO"]

1. d4 d5 2. c4 e6 3. Nc3 c6 4. cxd5 exd5 5. Qc2 Bd6 6. Nf3 Ne7 7. Bg5 Bf5 8.
Qxf5 Nxf5 9. Bxd8 Kxd8 10. e3 Bb4 11. Bd3 Nd6 12. Nd2 Nd7 13. Rc1 a5 14. a3
Bxc3 15. Rxc3 a4 16. f3 f5 17. Kf2 Rf8 18. g3 Kc7 19. Rc2 Rae8 20. Re1 g6 21.
Nb1 Nb6 22. Nc3 Ra8 23. Nb5+ Nxb5 24. Bxb5 Nc8 25. Bd3 Nd6 26. h3 Rf6 27. Kg2
Re8 28. Rce2 Rfe6 29. g4 Rf8 30. Kg3 Kd7 31. Rg1 g5 32. Kf2 h6 33. Rf1 h5 34.
gxf5 Nxf5 35. Bxf5 Rxf5 36. Ke1 b6 37. Kd2 Ref6 38. Ref2 c5 39. Kd3 Kd6 40. Kc3
Kc6 41. Kd3 Rf8 42. Kc3 R5f6 43. Kd3 R6f7 44. Kc3 g4 45. hxg4 hxg4 46. f4 Re7
47. Kd3 Rfe8 48. Re2 cxd4 49. Kxd4 Re4+ 50. Kd3 d4 51. f5 Kd5 52. f6 Rxe3+ 53.
Rxe3 Rxe3+ 54. Kd2 Re8 55. f7 Rf8 56. Kd3 Ke5 57. Rf2 g3 58. Rf3 g2 59. Rg3
Rxf7 60. Rxg2 Rf3+ 61. Kc2 Kd5 62. Rh2 Kc4 63. Rh6 Rf2+ 64. Kc1 b5 65. Rh5 Rf1+
66. Kd2 Rf2+ 67. Kc1 Re2 68. Rh3 Re3 69. Rh5 Kd3 70. Kb1 Re1+ 71. Ka2 Kc4 72.
Rh4 Rg1 73. Rh8 Rg5 74. Rh4 Re5 75. Rg4 Kd3 76. Rh4 Rg5 77. Rh3+ Kc4 78. Rh4
Rf5 79. Rg4 Kd3 80. Rg3+ Ke2 81. Kb1 d3 82. Rg2+ Rf2 83. Rg8 Rf1+ 84. Ka2 d2
0-1